| 000 | 00781nmc a2200289 a 4500 | ||
|---|---|---|---|
| 003 | AR-BaBNM | ||
| 005 | 20251128203618.0 | ||
| 008 | 206119s1959 ||||||||||||||000 | spa|| | ||
| 040 | _cAR-BaBNM | ||
| 100 | 1 |
_aValera, Juan _d1827-1905 |
|
| 245 | 1 | 0 | _aPepita Jiménez |
| 250 | _a2ª ed. | ||
| 260 |
_aBuenos Aires _bKapelusz _c1959 |
||
| 300 | 1 |
_axiv, 112 p. _bláms. |
|
| 490 | 0 | _aGrandes obras de la literatura universal | |
| 500 | 0 | _aResumen cronológico p. vii-viii | |
| 650 | 4 | _aLITERATURA ESPANOLA | |
| 650 | 4 | _aBIOGRAFIAS | |
| 650 | 4 | _aSIGLO DIECINUEVE | |
| 650 | 4 | _aCRITICA LITERARIA | |
| 653 | _aNARRATIVA | ||
| 653 | 0 | _aNOVELA PSICOLOGICA | |
| 655 | _aLITERATURA | ||
| 700 | 1 |
_aEstrella Gutiérrez, Fermín _ecompilador |
|
| 942 | _cBK | ||
| 998 | _cMARTIN | ||
| 999 |
_c4131 _d4131 |
||